00493cam a22002051 4500001001300000003000400013005001700017008004100034010001700075035002000092040001800112042001200130050002100142100003700163245002500200260001100225300001900236500001500255999001700270sa 63003791 DLC20260227111944.0881028s1963 xx 000 0 beno  asa 63003791  a(OCoLC)23541956 aDLCcMiUdDLC apremarc00aPK1718.C423bM381 aChatterjee, Hari Narayan,d1916-10aMegha o mr̥ttikā. c[1963] a180 p.c23 cm. aRomanized. c55296d55296